[Event "41. Offene Stadtmeisterschaft"]
[Site "Bergisch Gladbach"]
[Date "2019.10.04"]
[Round "6.8"]
[White "Rohleder, Traugott"]
[Black "Bosbach, Manfred"]
[Result "1/2-1/2"]
[WhiteElo "1655"]
[BlackElo "1718"]
[PlyCount "36"]
[EventDate "2020.??.??"]
[EventRounds "7"]

1. c4 Nf6 2. Nf3 c5 3. g3 b6 4. Bg2 Bb7 5. Nc3 e6 6. O-O a6 7. d3 Be7 8. Qb3
Bc6 9. Be3 d6 10. d4 Ng4 11. d5 Nxe3 12. fxe3 Bd7 13. e4 e5 14. Nd1 b5 15. Ne3
g6 16. Qc2 Qc8 17. Rf2 O-O 18. Qd2 Bh3 1/2-1/2

[Event "41. Offene Stadtmeisterschaft"]
[Site "Bergisch Gladbach"]
[Date "2019.10.04"]
[Round "6.9"]
[White "Hoferichter, Michael"]
[Black "Gnass, Arno"]
[Result "0-1"]
[WhiteElo "1453"]
[BlackElo "1594"]
[PlyCount "66"]
[EventDate "2020.??.??"]
[EventRounds "7"]

1. d4 Nf6 2. c4 e6 3. Nc3 Bb4 4. Nf3 O-O 5. Qc2 c5 6. Bg5 h6 7. Bf4 Nc6 8. e3
cxd4 9. exd4 Qa5 10. Bd2 d5 11. Bd3 dxc4 12. Bxc4 Rd8 13. Be3 Bxc3+ 14. bxc3 b5
15. Bd3 Bb7 16. O-O Rac8 17. Qd2 Ne7 18. Bxh6 Bxf3 19. Qg5 Ne8 20. Qxe7 Qxc3
21. gxf3 Qxd3 22. Be3 Nd6 23. Kh1 Nf5 24. Qg5 Qe2 25. Qf4 Nxe3 26. fxe3 Rc2 27.
Rg1 Rd5 28. Qb8+ Kh7 29. Rxg7+ Kxg7 30. Rg1+ Kf6 31. Qh8+ Ke7 32. Qh4+ Kd7 33.
e4 Qxf3+ 0-1

[Event "41. Offene Stadtmeisterschaft"]
[Site "Bergisch Gladbach"]
[Date "2019.10.04"]
[Round "6.10"]
[White "Schüers, Christian"]
[Black "Shelukie, Magd"]
[Result "0-1"]
[WhiteElo "1482"]
[BlackElo "1527"]
[PlyCount "28"]
[EventDate "2020.??.??"]
[EventRounds "7"]

1. d4 f5 2. Nf3 b6 3. Bf4 Bb7 4. e3 Nf6 5. h3 Na6 6. c3 e6 7. Nbd2 c5 8. Bd3
Be7 9. Qe2 Nc7 10. O-O Ne4 11. Be5 d6 12. Bxg7 Rg8 13. Bh6 Nxd2 14. Kh2 Rxg2+
0-1

[Event "41. Offene Stadtmeisterschaft"]
[Site "Bergisch Gladbach"]
[Date "2019.10.04"]
[Round "6.11"]
[White "Schläbitz, Joel"]
[Black "Stuch, Hans-Ferdinand"]
[Result "1-0"]
[WhiteElo "1730"]
[BlackElo "1519"]
[PlyCount "107"]
[EventDate "2020.??.??"]
[EventRounds "7"]

1. e4 e5 2. Nf3 Nf6 3. Nc3 Nc6 4. d4 exd4 5. Nxd4 Bb4 6. Nxc6 bxc6 7. Bd2 O-O
8. Bd3 Re8 9. f3 d5 10. O-O dxe4 11. Nxe4 Nxe4 12. Bxe4 Rxe4 13. Bxb4 Rd4 14.
Qe1 Be6 15. Bc3 Rd7 16. Qe5 Qf8 17. f4 Rd5 18. Qe3 Qc5 19. Qxc5 Rxc5 20. h3 Rd8
21. g4 f6 22. Rfe1 Kf7 23. Kf2 Bd5 24. a4 Re8 25. Re3 Rxe3 26. Kxe3 Bg2 27. h4
Bd5 28. Rd1 Rc4 29. Rd4 Rxd4 30. Bxd4 a6 31. b3 Ke7 32. Bc5+ Ke6 33. f5+ Kd7
34. Kf4 Bf7 35. c4 g6 36. Ke4 Kc8 37. Be7 Kd7 38. Bxf6 Kd6 39. Be5+ Kd7 40. Kd4
gxf5 41. gxf5 Be8 42. Kc5 Kc8 43. Bf6 Bd7 44. Be5 Kb7 45. f6 Be8 46. Kd4 Bf7
47. Ke4 c5 48. Kf5 Kc6 49. Kg5 Kd7 50. Kh6 Bg6 51. h5 Bf7 52. Kg7 Ke6 53. h6
Bg6 54. Bxc7 1-0

[Event "41. Offene Stadtmeisterschaft"]
[Site "Bergisch Gladbach"]
[Date "2019.10.04"]
[Round "6.12"]
[White "Paul, Andre David"]
[Black "Bernecker, Jan Magnus"]
[Result "1-0"]
[WhiteElo "1620"]
[BlackElo "1188"]
[PlyCount "77"]
[EventDate "2020.??.??"]
[EventRounds "7"]

1. d4 d5 2. c4 e6 3. Nc3 Nf6 4. e3 g6 5. Bd2 Bg7 6. Qc2 O-O 7. Nf3 b6 8. Rd1
Nbd7 9. b4 Rb8 10. b5 a6 11. a4 Bb7 12. cxd5 Nxd5 13. Nxd5 Bxd5 14. e4 Bb7 15.
Rc1 axb5 16. axb5 Nf6 17. Bd3 Ra8 18. O-O Qd7 19. Be3 Rfc8 20. Ne5 Qe7 21. Nc6
Bxc6 22. Qxc6 Qe8 23. f3 Qxc6 24. Rxc6 Ra3 25. Rd1 Ne8 26. e5 Rca8 27. Kf2 Ra2+
28. Kg3 Ra1 29. Rd2 R8a2 30. Be4 Rxd2 31. Bxd2 Ra2 32. Be3 Rb2 33. Rc3 Kf8 34.
Bc6 Ke7 35. Ra3 Bf8 36. Ra8 Ng7 37. Bg5+ f6 38. exf6+ Kd6 39. Rd8# 1-0

[Event "41. Offene Stadtmeisterschaft"]
[Site "Bergisch Gladbach"]
[Date "2019.10.04"]
[Round "6.14"]
[White "Roder, Stephan"]
[Black "Barek, Gabriel"]
[Result "1-0"]
[WhiteElo "1437"]
[BlackElo "948"]
[PlyCount "57"]
[EventDate "2020.??.??"]
[EventRounds "7"]

1. d4 d5 2. Bf4 Bf5 3. c3 Qd7 4. e3 e6 5. Nd2 c5 6. Ngf3 Nc6 7. Bb5 Bg4 8. Qa4
Bxf3 9. Nxf3 Bd6 10. Ne5 Bxe5 11. Bxe5 f6 12. Bg3 cxd4 13. exd4 e5 14. dxe5 f5
15. O-O a6 16. Rfe1 Qe6 17. Bxc6+ Qxc6 18. Qxc6+ bxc6 19. f4 Rb8 20. Re2 h5 21.
Bf2 Rh6 22. Bc5 Rb5 23. b4 a5 24. a4 Rb8 25. Rb1 axb4 26. Rxb4 Ra8 27. Reb2 Kd7
28. Rb7+ Ke6 29. R2b6 1-0

[Event "41. Offene Stadtmeisterschaft"]
[Site "Bergisch Gladbach"]
[Date "2019.10.04"]
[Round "6.15"]
[White "Fey, Helmut"]
[Black "Schneider, Erich"]
[Result "1-0"]
[WhiteElo "1399"]
[BlackElo "1135"]
[PlyCount "113"]
[EventDate "2020.??.??"]
[EventRounds "7"]

1. e4 e5 2. Nf3 Nf6 3. Nxe5 d6 4. Nf3 Nxe4 5. d4 d5 6. Bd3 Nc6 7. Qe2 Qe7 8. c3
Bg4 9. O-O a6 10. Nbd2 f5 11. Re1 O-O-O 12. Nf1 h6 13. Ne3 Bxf3 14. Qxf3 g6 15.
Qe2 Qd7 16. f3 Nf6 17. Bd2 f4 18. Nc2 Re8 19. Qf2 g5 20. Rxe8+ Nxe8 21. Re1 Nd6
22. Nb4 Nxb4 23. cxb4 Bg7 24. Bc3 Re8 25. a3 Nb5 26. Bf5 Qxf5 27. Rxe8+ Kd7 28.
Qe1 Bf6 29. Re2 Nd6 30. b3 g4 31. a4 gxf3 32. gxf3 Qh3 33. Qf1 Qh4 34. Qg2 Nf5
35. Qg8 Ne7 36. Qe6+ Kd8 37. b5 Bg5 38. Bb4 axb5 39. axb5 b6 40. Bxe7+ Bxe7 41.
Qxd5+ Kc8 42. Qf5+ Kd8 43. Qe5 Qg5+ 44. Qxg5 hxg5 45. Kg2 Kd7 46. Kh3 Kd6 47.
Kg4 Bd8 48. Re5 Bf6 49. Rxg5 Bxg5 50. Kxg5 Ke7 51. Kxf4 Kf6 52. h4 Kg6 53. Kg4
Kh6 54. f4 Kg6 55. h5+ Kf6 56. f5 Kg7 57. Kg5 1-0

[Event "41. Offene Stadtmeisterschaft"]
[Site "Bergisch Gladbach"]
[Date "2019.10.04"]
[Round "6.16"]
[White "Wilde, Christian"]
[Black "Friske, Hans"]
[Result "0-1"]
[WhiteElo "1177"]
[BlackElo "1509"]
[PlyCount "60"]
[EventDate "2020.??.??"]
[EventRounds "7"]

1. d4 d5 2. c4 c6 3. e3 Nf6 4. Nf3 g6 5. cxd5 cxd5 6. Bb5+ Nc6 7. Ne5 Qc7 8.
Nxc6 bxc6 9. Be2 Bg7 10. Nd2 O-O 11. O-O e5 12. dxe5 Qxe5 13. Nf3 Qe7 14. Rb1
Re8 15. b4 Ne4 16. Nd4 Nc3 17. Nxc6 Qd6 18. Qc2 Nxb1 19. Qxb1 Qxc6 20. b5 Qe6
21. a4 d4 22. Bf3 Rb8 23. Bc6 Bd7 24. Bxd7 Qxd7 25. exd4 Bxd4 26. Bh6 Bg7 27.
Bf4 Rbc8 28. b6 axb6 29. Qxb6 Qxa4 30. Bc7 Qd7 0-1

[Event "41. Offene Stadtmeisterschaft"]
[Site "Bergisch Gladbach"]
[Date "2019.10.08"]
[Round "7.1"]
[White "Kuhn, Andreas"]
[Black "Eilers, Jochen"]
[Result "1/2-1/2"]
[WhiteElo "1920"]
[BlackElo "2003"]
[PlyCount "24"]
[EventDate "2020.??.??"]
[EventRounds "7"]

1. d4 Nf6 2. Nf3 c5 3. d5 g6 4. Nc3 d6 5. e4 Bg7 6. Be2 O-O 7. O-O Na6 8. Bf4
Nc7 9. a4 Bg4 10. Re1 a6 11. h3 Bxf3 12. Bxf3 Nd7 1/2-1/2

[Event "41. Offene Stadtmeisterschaft"]
[Site "Bergisch Gladbach"]
[Date "2019.10.11"]
[Round "7.3"]
[White "Türkkan, Nuh"]
[Black "Themm, Rainer"]
[Result "0-1"]
[WhiteElo "1812"]
[BlackElo "1836"]
[PlyCount "74"]
[EventDate "2020.??.??"]
[EventRounds "7"]

1. c4 c5 2. Nf3 Nc6 3. d4 cxd4 4. Nxd4 Nf6 5. Nc3 g6 6. e4 d6 7. f3 Bg7 8. Be3
O-O 9. Be2 Nd7 10. O-O Qb6 11. Nd5 Bxd4 12. Nxb6 Bxe3+ 13. Kh1 Bxb6 14. a3 a5
15. Rb1 Bc5 16. f4 Nf6 17. Qd3 Bg4 18. h3 Bxe2 19. Qxe2 Nd4 20. Qd3 a4 21. e5
dxe5 22. fxe5 Nh5 23. g4 Ng7 24. Qe4 b6 25. Rbd1 Nge6 26. h4 Rad8 27. Rd3 Nb3
28. Rfd1 Bd4 29. Qc6 Ra8 30. Rf3 Bxb2 31. Rxf7 Kxf7 32. Rf1+ Kg7 33. Rxf8 Rxf8
34. Qxe6 Bxa3 35. Qd5 Bc5 36. e6 a3 37. Qe5+ Kg8 0-1

[Event "41. Offene Stadtmeisterschaft"]
[Site "Bergisch Gladbach"]
[Date "2019.10.11"]
[Round "7.5"]
[White "Gnass, Arno"]
[Black "Winckler, Andreas"]
[Result "1/2-1/2"]
[WhiteElo "1594"]
[BlackElo "1759"]
[PlyCount "20"]
[EventDate "2020.??.??"]
[EventRounds "7"]

1. d4 Nf6 2. c4 e6 3. Nc3 c5 4. e3 cxd4 5. exd4 d5 6. Nf3 Be7 7. Be2 O-O 8. O-O
b6 9. b3 Bb7 10. Bb2 Nbd7 1/2-1/2

[Event "41. Offene Stadtmeisterschaft"]
[Site "Bergisch Gladbach"]
[Date "2019.10.11"]
[Round "7.6"]
[White "Behle, Burkhard"]
[Black "Rohleder, Traugott"]
[Result "1/2-1/2"]
[WhiteElo "1758"]
[BlackElo "1655"]
[PlyCount "34"]
[EventDate "2020.??.??"]
[EventRounds "7"]

1. d4 Nf6 2. g3 d6 3. Bg2 c5 4. c3 cxd4 5. cxd4 Nc6 6. Nc3 g6 7. Nf3 Bg7 8. O-O
O-O 9. Bg5 Bf5 10. d5 Nb4 11. Nd4 Qd7 12. a3 Na6 13. Qd2 Nc5 14. Bh6 Nce4 15.
Nxe4 Nxe4 16. Bxe4 Bxe4 17. Bxg7 Kxg7 1/2-1/2

[Event "41. Offene Stadtmeisterschaft"]
[Site "Bergisch Gladbach"]
[Date "2019.10.11"]
[Round "7.7"]
[White "Shelukie, Magd"]
[Black "Bosbach, Volker"]
[Result "0-1"]
[WhiteElo "1527"]
[BlackElo "1669"]
[PlyCount "80"]
[EventDate "2020.??.??"]
[EventRounds "7"]

1. e4 c5 2. c3 d6 3. d4 Nf6 4. Bd3 Nc6 5. Nf3 Bg4 6. h3 Bxf3 7. gxf3 cxd4 8.
cxd4 Qa5+ 9. Bd2 Qb6 10. d5 Ne5 11. Qa4+ Nfd7 12. Be2 Qxb2 13. Bc3 Qc1+ 14. Bd1
Nxf3+ 15. Ke2 Qf4 16. Nd2 Nfe5 17. Rg1 g6 18. Rb1 b6 19. Rxb6 Rd8 20. Rb7 Bg7
21. Rxa7 O-O 22. Bxe5 Nxe5 23. Rxe7 Bh6 24. Qd4 Qh4 25. Ra7 Qxh3 26. Rg3 Qh5+
27. Ke1 Qh1+ 28. Ke2 Bf4 29. Rc3 Rb8 30. Bb3 Ng4 31. Qd3 Qg1 32. Qf3 Be5 33.
Rcc7 Nh2 34. Qh3 Bd4 35. Ra4 Qxf2+ 36. Kd3 Be5 37. Rac4 h5 38. Rc2 Ng4 39. Nf3
Qe3+ 40. Kc4 Qxe4+ 0-1

[Event "41. Offene Stadtmeisterschaft"]
[Site "Bergisch Gladbach"]
[Date "2019.10.11"]
[Round "7.8"]
[White "Nichte, Philipp"]
[Black "Schäde, Maximilian"]
[Result "1/2-1/2"]
[WhiteElo "1746"]
[BlackElo "1769"]
[PlyCount "65"]
[EventDate "2020.??.??"]
[EventRounds "7"]

1. e4 c5 2. Nf3 d6 3. d4 cxd4 4. Nxd4 Nf6 5. Nc3 a6 6. Bg5 e5 7. Nb3 Be6 8. Nd5
Nbd7 9. Bd3 Be7 10. Nxe7 Qxe7 11. c4 Rc8 12. Qe2 O-O 13. O-O Nc5 14. Nxc5 dxc5
15. f4 h6 16. Bh4 Qd6 17. Bxf6 gxf6 18. f5 Rfd8 19. fxe6 Qxd3 20. exf7+ Kxf7
21. Qh5+ Kg7 22. Qg4+ Kf7 23. Rf3 Qd4+ 24. Rf2 Qe3 25. Raf1 Rc6 26. Kh1 Qg5 27.
Qh3 Rcd6 28. Qb3 Rd2 29. Rxd2 Rxd2 30. Qxb7+ Kg6 31. Rg1 Qe3 32. Qa8 Kh7 33.
Qb7+ 1/2-1/2

[Event "41. Offene Stadtmeisterschaft"]
[Site "Bergisch Gladbach"]
[Date "2019.10.11"]
[Round "7.9"]
[White "Bosbach, Manfred"]
[Black "Schläbitz, Joel"]
[Result "0-1"]
[WhiteElo "1718"]
[BlackElo "1730"]
[PlyCount "44"]
[EventDate "2020.??.??"]
[EventRounds "7"]

1. e4 g6 2. d4 Bg7 3. e5 c5 4. c3 Nh6 5. f4 O-O 6. Nf3 d6 7. Bc4 Nc6 8. a4 Bg4
9. O-O cxd4 10. cxd4 Bxf3 11. Rxf3 dxe5 12. d5 exf4 13. Nd2 Ne5 14. Rh3 Nhg4
15. Qb3 b5 16. Ne4 bxc4 17. Qc2 Qxd5 18. Bxf4 Qd4+ 19. Kh1 Nd3 20. Qe2 Ndf2+
21. Nxf2 Nxf2+ 22. Kg1 Nxh3+ 0-1

[Event "41. Offene Stadtmeisterschaft"]
[Site "Bergisch Gladbach"]
[Date "2019.10.11"]
[Round "7.10"]
[White "Mann, Günter"]
[Black "Paul, Andre David"]
[Result "1/2-1/2"]
[WhiteElo "1728"]
[BlackElo "1620"]
[PlyCount "47"]
[EventDate "2020.??.??"]
[EventRounds "7"]

1. e4 e6 2. d4 d5 3. exd5 exd5 4. Bd3 Nf6 5. Ne2 Bd6 6. Bg5 Nbd7 7. Nbc3 c6 8.
Qd2 h6 9. Bh4 Qc7 10. Qe3+ Kd8 11. Bg3 Re8 12. Bxd6 Qxd6 13. Qf3 Nf8 14. h3 Ne6
15. O-O-O Ng5 16. Qg3 Qxg3 17. Nxg3 g6 18. Rhe1 Ne6 19. Nce2 h5 20. f3 Bd7 21.
Nh1 Kc7 22. c3 Ng5 23. Kd2 Bf5 24. Nf2 1/2-1/2

[Event "41. Offene Stadtmeisterschaft"]
[Site "Bergisch Gladbach"]
[Date "2019.10.11"]
[Round "7.11"]
[White "Urban, Michael"]
[Black "Roder, Stephan"]
[Result "1-0"]
[WhiteElo "1675"]
[BlackElo "1437"]
[PlyCount "45"]
[EventDate "2020.??.??"]
[EventRounds "7"]

1. d4 Nf6 2. Bf4 g6 3. Nc3 Bg7 4. e4 d6 5. Qd2 O-O 6. O-O-O c6 7. Bh6 b5 8. Bd3
Qb6 9. Nce2 Rd8 10. Bxg7 Kxg7 11. c3 Bb7 12. f3 e5 13. h4 c5 14. h5 Rh8 15.
hxg6 hxg6 16. Rxh8 Kxh8 17. Qh6+ Kg8 18. Nh3 Qd8 19. dxe5 dxe5 20. Bxb5 Qf8 21.
Qg5 Kg7 22. Qxe5 a6 23. Ba4 1-0

[Event "41. Offene Stadtmeisterschaft"]
[Site "Bergisch Gladbach"]
[Date "2019.10.11"]
[Round "7.12"]
[White "Stuch, Hans-Ferdinand"]
[Black "Fey, Helmut"]
[Result "1/2-1/2"]
[WhiteElo "1519"]
[BlackElo "1399"]
[PlyCount "59"]
[EventDate "2020.??.??"]
[EventRounds "7"]

1. e4 c5 2. Nc3 d6 3. f4 e6 4. Nf3 Nc6 5. Bb5 Bd7 6. d3 Be7 7. O-O a6 8. Bc4 b5
9. Bb3 Qb6 10. Be3 Nd4 11. Qd2 Nf6 12. h3 O-O 13. e5 Nxf3+ 14. Rxf3 Ne8 15.
exd6 Nxd6 16. g4 Bc6 17. Rff1 Qb7 18. Bxc5 Rad8 19. Qf2 Bf6 20. Ne4 Nxe4 21.
dxe4 Rfe8 22. e5 Be7 23. Be3 Rd7 24. Rad1 Red8 25. c3 Bd5 26. Bxd5 Rxd5 27. Bd4
Qc6 28. b4 Rc8 29. Qe3 Qd7 30. a3 1/2-1/2

[Event "41. Offene Stadtmeisterschaft"]
[Site "Bergisch Gladbach"]
[Date "2019.10.11"]
[Round "7.13"]
[White "Schüers, Christian"]
[Black "Nölle, Nathalie"]
[Result "1/2-1/2"]
[WhiteElo "1482"]
[BlackElo "1297"]
[PlyCount "92"]
[EventDate "2020.??.??"]
[EventRounds "7"]

1. d4 d6 2. e4 Nf6 3. Bd3 Nbd7 4. Nf3 e5 5. Bg5 Be7 6. O-O h6 7. Bh4 c6 8. c3
Qc7 9. Nbd2 g5 10. Bg3 Nh5 11. dxe5 Nxg3 12. hxg3 dxe5 13. Nc4 h5 14. Nh2 g4
15. Ne3 Nf6 16. a4 h4 17. gxh4 Rxh4 18. g3 Rh7 19. Nhxg4 Bxg4 20. Nxg4 O-O-O
21. Nxf6 Bxf6 22. Qg4+ Kb8 23. Rad1 Qe7 24. Bc4 Rg7 25. Rxd8+ Qxd8 26. Rd1 Qh8
27. Qf3 Qh6 28. Be2 Rh7 29. Qg2 Rg7 30. Kf1 Rh7 31. Bf3 Qh2 32. Qxh2 Rxh2 33.
Kg1 Rh8 34. Rd7 Rh7 35. b3 Bg5 36. Bg4 Bf6 37. Be6 Rh8 38. Rxf7 Bg5 39. c4 Rd8
40. Rd7 Rxd7 41. Bxd7 Kc7 42. Bg4 Kd6 43. Bd1 Kc5 44. Kf1 Kd4 45. Ke2 b6 46. f3
c5 1/2-1/2

[Event "41. Offene Stadtmeisterschaft"]
[Site "Bergisch Gladbach"]
[Date "2019.10.11"]
[Round "7.15"]
[White "Nölle, Michael"]
[Black "Blüggel, Theodor"]
[Result "1-0"]
[WhiteElo "1496"]
[BlackElo "926"]
[PlyCount "35"]
[EventDate "2020.??.??"]
[EventRounds "7"]

1. d4 d5 2. Bf4 Nf6 3. e3 e6 4. c3 Bd6 5. Bg3 Bxg3 6. hxg3 a6 7. Bd3 b5 8. Qc2
g6 9. Nf3 Ne4 10. Bxe4 dxe4 11. Qxe4 Ra7 12. Nbd2 Bb7 13. Qe5 Qe7 14. Qxh8+ Qf8
15. Rxh7 Bxf3 16. Nxf3 c6 17. Qxf8+ Kxf8 18. Rh8+ 1-0

[Event "41. Offene Stadtmeisterschaft"]
[Site "Bergisch Gladbach"]
[Date "2019.10.11"]
[Round "7.15"]
[White "Friske, Hans"]
[Black "Barek, Gabriel"]
[Result "1-0"]
[WhiteElo "1509"]
[BlackElo "948"]
[PlyCount "31"]
[EventDate "2020.??.??"]
[EventRounds "7"]

1. e4 e5 2. Nf3 f5 3. exf5 e4 4. Qe2 Nf6 5. d3 d5 6. dxe4 dxe4 7. Ne5 Bxf5 8.
Nc3 Bb4 9. Qb5+ Nc6 10. Nxc6 bxc6 11. Qxb4 Nd5 12. Nxd5 cxd5 13. Be3 Rb8 14.
Qc3 O-O 15. Be2 Qd6 16. Bc5 1-0

[Event "41. Offene Stadtmeisterschaft"]
[Site "Bergisch Gladbach"]
[Date "2019.10.11"]
[Round "7.17"]
[White "Bernecker, Jan Magnus"]
[Black "Wilde, Christian"]
[Result "0-1"]
[WhiteElo "1188"]
[BlackElo "1177"]
[PlyCount "60"]
[EventDate "2020.??.??"]
[EventRounds "7"]

1. e4 c5 2. Nf3 Nc6 3. d4 cxd4 4. Nxd4 e5 5. Nxc6 bxc6 6. Nc3 Nf6 7. Bd3 Be7 8.
O-O O-O 9. b3 d5 10. Bb2 d4 11. Ne2 a5 12. c4 dxc3 13. Bxc3 Ba6 14. Bxa6 Rxa6
15. Ng3 Qc7 16. Qe2 Raa8 17. Rfd1 Rfd8 18. Rxd8+ Rxd8 19. Rd1 Rxd1+ 20. Qxd1 c5
21. Qe2 g6 22. Qd2 Bd8 23. Bxe5 Qxe5 24. Qxd8+ Kg7 25. Qxa5 Qa1+ 26. Nf1 Nxe4
27. f3 Qd4+ 28. Kh1 Nf2+ 29. Kg1 Nh3+ 30. Kh1 Qg1# 0-1